| 000 | 00678nam a2200229Ia 4500 | ||
|---|---|---|---|
| 003 | GCL | ||
| 008 | 140319s9999 xx 000 0 ara d | ||
| 040 |
_aGCL / _cGCL |
||
| 082 | 0 | 4 |
_a182 _bد خ |
| 100 | 1 | _aامين سلامة | |
| 245 | 1 | 0 |
_aخطباء اليونان / _cامين سلامة |
| 700 | 1 | _aمحمد صقر خفاجة | |
| 700 | 1 | _aدبسون، ج . ف | |
| 490 |
_aالالف كتاب _v0 |
||
| 650 | 0 | 4 | _aالفلسفة |
| 650 | 0 | 4 | _aالخطابة |
| 650 | 0 | 4 | _aالفلاسفةاليونانيون |
| 650 | 0 | 4 | _aالفلسفة اليونانية |
| 650 | 0 | 4 | _aالفلاسفة |
| 650 | 0 | 4 | _aالفلاسفة اليونانيون |
| 942 |
_2ddc _cBK |
||
| 999 |
_c45316 _d45316 |
||